The mineral resources of Arizona, (Record no. 28791)

MARC details
000 -LEADER
fixed length control field 01112cam a22002771 4500
001 - CONTROL NUMBER
control field gs 53000298
003 - CONTROL NUMBER IDENTIFIER
control field DLC
005 - DATE AND TIME OF LATEST TRANSACTION
control field 20260227111400.0
008 - FIXED-LENGTH DATA ELEMENTS--GENERAL INFORMATION
fixed length control field 760210s1951 azub s000 0 eng
010 ## - LIBRARY OF CONGRESS CONTROL NUMBER
LC control number gs 53000298
035 ## - SYSTEM CONTROL NUMBER
System control number (OCoLC)1982083
040 ## - CATALOGING SOURCE
Original cataloging agency DLC
Transcribing agency AzFU
Modifying agency OCoLC
-- DLC
042 ## - AUTHENTICATION CODE
Authentication code premarc
050 00 - LIBRARY OF CONGRESS CALL NUMBER
Classification number TN24.A6
Item number A53
086 0# - GOVERNMENT DOCUMENT CLASSIFICATION NUMBER
Classification number MN 1.3:B 85/159
Number source azdocs
110 2# - MAIN ENTRY--CORPORATE NAME
Corporate name or jurisdiction name as entry element University of Arizona.
Subordinate unit State Bureau of Mines
245 14 - TITLE STATEMENT
Title The mineral resources of Arizona,
Statement of responsibility, etc. prepared by the Arizona Bureau of Mines staff primarily for high school students.
260 ## - PUBLICATION, DISTRIBUTION, ETC.
Place of publication, distribution, etc. Tucson,
Name of publisher, distributor, etc. University of Arizona,
Date of publication, distribution, etc. 1951.
300 ## - PHYSICAL DESCRIPTION
Extent 15 p.
Other physical details map, tables
Dimensions 23 cm.
490 1# - SERIES STATEMENT
Series statement Its bulletin
Volume/sequential designation no. 159; Mineral technology series, no. 44
500 ## - GENERAL NOTE
General note University of Arizona bulletin, v. 22, no. 5.
650 #0 - SUBJECT ADDED ENTRY--TOPICAL TERM
Topical term or geographic name entry element Mines and mineral resources
Geographic subdivision Arizona
General subdivision History.
810 2# - SERIES ADDED ENTRY--CORPORATE NAME
Corporate name or jurisdiction name as entry element University of Arizona.
Subordinate unit State Bureau of Mines.
Title of a work Bulletin ;
Volume/sequential designation no. 159.
810 2# - SERIES ADDED ENTRY--CORPORATE NAME
Corporate name or jurisdiction name as entry element University of Arizona.
Subordinate unit State Bureau of Mines.
Title of a work Mineral technology series ;
Volume/sequential designation no. 44.
830 #0 - SERIES ADDED ENTRY--UNIFORM TITLE
Uniform title Bulletin (University of Arizona) ;
Volume/sequential designation v. 22, no. 5.

No items available.

Powered by Koha